Catálogo
 En Linea

De Liborio a Palma Sola / (Registro nro. 25875)

Detalles MARC
000 -CABECERA
campo de control de longitud fija 01566nam a2200313 a 4500
001 - NÚMERO DE CONTROL
campo de control 000026383
003 - IDENTIFICADOR DEL NÚMERO DE CONTROL
campo de control DO-SdBNP
005 - FECHA Y HORA DE LA ÚLTIMA TRANSACCIÓN
campo de control 20240409073641.0
008 - DATOS DE LONGITUD FIJA--INFORMACIÓN GENERAL
campo de control de longitud fija 110315s2002 dr ac 001 0 spa d
040 ## - FUENTE DE LA CATALOGACIÓN
Centro catalogador/agencia de origen DO-SdBNP
Lengua de catalogación spa
Centro/agencia transcriptor BNPHU
082 #4 - NÚMERO DE LA CLASIFICACIÓN DECIMAL DEWEY
Número de clasificación 972.93
Número de documento/Ítem F475d, 2002
Número de edición 22
100 1# - ENTRADA PRINCIPAL--NOMBRE DE PERSONA
Nombre de persona Figuereo Agramonte, Leopoldo,
Fechas asociadas al nombre 1953-
9 (RLIN) 53408
245 10 - MENCIÓN DE TÍTULO
Título De Liborio a Palma Sola /
Mención de responsabilidad, etc. Leopoldo Figuereo Agramonte.
250 ## - MENCIÓN DE EDICIÓN
Mención de edición 2a. ed.
260 ## - PUBLICACIÓN, DISTRIBUCIÓN, ETC.
Lugar de publicación, distribución, etc. San Juan, República Dominicana :
Nombre del editor, distribuidor, etc. San Juan 2000,
Fecha de publicación, distribución, etc. 2002.
300 ## - DESCRIPCIÓN FÍSICA
Extensión 212 p. :
Otras características físicas il., retr. ;
Dimensiones 21 cm.
500 ## - NOTA GENERAL
Nota general Incluye datos biográficos del autor en la contracubierta
504 ## - NOTA DE BIBLIOGRAFÍA, ETC.
Nota de bibliografía, etc. Bibliografía: p. 209-211.
505 0# - NOTA DE CONTENIDO CON FORMATO
Información miscelánea Prólogo --
Título La ciudad heroica --
-- Los amos del valle --
-- El cimarron de la cordillera --
-- La pugna militar --
-- Espiritualidad palmasoleña --
-- La revelación de los quemados --
-- El presagio --
-- Mataron al General --
-- Tratamiento periodístico del genocidio --
-- Entre el dolor, amor y la esperanza --
-- Resultado del estudio de investigación --
Información miscelánea Bibliografía.
590 ## - NOTA LOCAL (RLIN)
Nota local Inventariado, 2019/MFF
600 14 - PUNTO DE ACCESO ADICIONAL DE MATERIA--NOMBRE DE PERSONA
Nombre de persona Mateo Ledesma, Liborio,
Fechas asociadas al nombre 1978-1922
9 (RLIN) 53409
650 #4 - PUNTO DE ACCESO ADICIONAL DE MATERIA--TÉRMINO DE MATERIA
Término de materia o nombre geográfico como elemento de entrada Masacres
Subdivisión geográfica República Dominicana, Palma Sola (San Juan)
9 (RLIN) 53410
651 #4 - PUNTO DE ACCESO ADICIONAL DE MATERIA--NOMBRE GEOGRÁFICO
Nombre geográfico Palma Sola (San Juan, República Dominicana)
Subdivisión general Historia
9 (RLIN) 170
651 #0 - PUNTO DE ACCESO ADICIONAL DE MATERIA--NOMBRE GEOGRÁFICO
Nombre geográfico San Juan de la Maguana (República Dominicana)
9 (RLIN) 11181
651 #0 - PUNTO DE ACCESO ADICIONAL DE MATERIA--NOMBRE GEOGRÁFICO
Nombre geográfico Palma Sola (San Juan, República Dominicana)
9 (RLIN) 53411
651 #4 - PUNTO DE ACCESO ADICIONAL DE MATERIA--NOMBRE GEOGRÁFICO
Nombre geográfico República Dominicana
Subdivisión general Historia
Subdivisión cronológica Revolución,1965
9 (RLIN) 2167
910 ## - DATOS DE OPCIÓN DEL USUARIO (OCLC)
Datos de opción del usuario Validado. Control de calidad EMS
942 ## - ELEMENTOS DE PUNTO DE ACCESO ADICIONAL (KOHA)
Fuente del sistema de clasificación o colocación Dewey Decimal Classification
Tipo de ítem Koha Libro
Existencias
Estado de retiro Estado de pérdida No para préstamo Código de colección Localización permanente Ubicación/localización actual Ubicación en estantería Fecha de adquisición Número de inventario Total de préstamos Signatura topográfica completa Código de barras Fecha visto por última vez Precio válido a partir de Tipo de ítem Koha Nota pública Número de copia Restricciones de uso
    Excluido de préstamo Patrimonio Dominicano Patrimonio Dominicano Patrimonio Dominicano Depósito 15.03.2011 LF1   972.9342 F475d, 2002 26383-10 25.06.2020 25.06.2020 Libro y Folleto Colección Patrimonio Dominicano Perteneció a la biblioteca personal de Germán Emilio Ornes.    
    Excluido de préstamo Patrimonio Dominicano Patrimonio Dominicano Patrimonio Dominicano Depósito 15.03.2011 LF1   972.9342 F475d, 2002 26383-20 25.06.2020 25.06.2020 Libro y Folleto Colección Patrimonio Dominicano   e. 2  
      Dominicana de Servicio Patrimonio Dominicano Patrimonio Dominicano Depósito 15.03.2011 LF1   972.9342 F475d, 2002 26383-30 25.06.2020 25.06.2020 Libro y Folleto Colección Dominicana de Servicio   e. 3  
      Dominicana de Servicio Patrimonio Dominicano Patrimonio Dominicano Depósito 25.08.2011 LF1   972.9342 F475d, 2002 26383-50 25.06.2020 25.06.2020 Libro y Folleto Colección Dominicana de Servicio   e. 4  
      Dominicana de Servicio Patrimonio Dominicano Patrimonio Dominicano Depósito 14.03.2013 LF1   972.9342 F475d, 2002 26383-70 25.06.2020 25.06.2020 Libro y Folleto Colección Dominicana de Servicio   e. 5  

Con tecnología Koha